200 Adjectifs les plus courant - TOIEC - Aléatoire - Statistiques

Statistiques générales
  • Ce quiz a été pris 80 fois
    75 depuis la dernière actualisation
  • Le résultat moyen est 29 sur 60
Statistiques - réponses
Français Anglais % Correct
différent different
93%
autre other
91%
court short
90%
mort dead
89%
bon good
89%
en vie alive
85%
heureux, joyeux happy
85%
froid cold
83%
intelligent, futé smart
83%
libre, gratuit free
82%
local local
82%
dangereux dangerous
80%
drôle funny
80%
innocent innocent
80%
deuxième, second second
80%
dernier last
78%
nerveux nervous
78%
timide shy
77%
spécial special
76%
important important
75%
à gauche left
75%
officel official
75%
ensoleillé sunny
75%
un autre, une autre another
73%
beau beautiful
73%
meilleur best
73%
grand, gros big
73%
bon marché cheap
73%
en retard late
73%
chanceux lucky
73%
nouveau new
73%
possible possible
73%
privé private
73%
récent recent
73%
premier first
71%
long long
71%
vieux old
71%
ouvert open
71%
rare rare
71%
même, identique same
71%
fermé closed
70%
populaire popular
70%
mignon cute
69%
rapide fast
69%
lourd heavy
69%
économique (orga, pays..) economic
67%
naturel natural
67%
prochain, suivant next
67%
parfait perfect
67%
pauvre poor
67%
public public
67%
pur pure
67%
sérieux serious
67%
fort strong
67%
proche (physiqument) close
65%
sombre dark
64%
petit little
64%
national national
64%
lent slow
64%
stupide stupid
64%
jeune young
64%
propre clean
63%
généreux generous
63%
riche rich
63%
sale, corrompu dirty
62%
malade sick
62%
financier financial
60%
dur, difficile hard
60%
sûr, en sécurité safe
60%
bizarre weird
60%
général general
59%
plus tard later
59%
proche near
59%
endormi asleep
58%
calme calm
58%
commun common
58%
efficace efficient
58%
gras, gros fat
58%
bruyant noisy
58%
droit, à droite, correct right
58%
tôt early
57%
futur future
57%
coupable guilty
57%
évident obvious
57%
ennuyeux boring
56%
léger, lumineux light
56%
poli polite
56%
mauvais bad
55%
utile useful
55%
faux wrong
55%
loin, éloigné far
54%
demi half
54%
gentil kind
54%
particulier particular
54%
petit, peu small
54%
célèbre famous
53%
bon, sympathique nice
53%
rond round
53%
laid, moche ugly
53%
inutile useless
53%
qui travaille, qui fonctionne working
53%
tout, entier all
50%
énervé angry
50%
arrière back
50%
basique basic
50%
prudent careful
50%
sec dry
50%
cher expensive
50%
intelligent intelligent
50%
fort, bruyantt loud
50%
fier proud
50%
égoïste selfish
50%
carré square
50%
sûr sure
50%
sauvage wild
50%
affamé hungry
47%
intéressant interesting
47%
raisonable reasonable
47%
qui sent fort smelly
47%
usagé used
47%
himide, mouillé wet
47%
faible weak
46%
grand, énorme huge
45%
bas low
45%
handsome beau
44%
confiant confident
44%
juste, équitable fair
44%
similaire similar
44%
entier full
43%
paresseux lazy
43%
inhabituel unusual
43%
principal main
42%
effrayant scary
42%
violent violent
42%
amical friendly
40%
seul, unique only
40%
politique political
39%
sain healthy
38%
grand, haut high
38%
chaud hot
38%
effrayé afraid
36%
seul, solitaire lonely
36%
propre (qui appartient) own
36%
bon (goût) tasty
36%
absent absent
33%
présent present
33%
assoiffé thirsty
33%
doux soft
31%
tout petit tiny
31%
étranger foreign
30%
grand tall
30%
fin thin
30%
silencieux quiet
29%
vrai, véritable real
29%
grand, génial great
28%
plus éloigné, additionnel further
27%
fou mad
27%
vrai true
27%
vague vague
27%
courant, acruel current
25%
étrange, impaire odd
25%
terminé over
23%
tranchant sharp
22%
épais thick
21%
capable able
18%
juste, équitable just
17%
rapide quick
17%
lisse smooth
17%
mince slim
15%
merveilleux wonderful
15%
curieux curius
14%
ferme firm
14%
utile helpful
13%
chaud warn
12%
pair, égal even
11%
calme, immobile still
11%
ennuyeux, triste, émoussé dull
10%
grand, laste large
10%
nuageux cloudly
9%
audacieux bold
8%
ancien, précédent former
8%
moyen average
7%
triste, abattu down
7%
parti, loin away
0%
lumineux, inteligent bright
0%
convenable decent
0%
dû, approprié due
0%
économique (pas cher) economical
0%
enthousiasmant exciting
0%
attendu expeted
0%
véritable, authentique genuise
0%
interne, intérieur inner
0%
similaire like
0%
probable likely
0%
extérieur outer
0%
agréable, plaisant pleasant
0%
actuel, coulant running
0%
total toal
0%
le plus, très bon top
0%
bien, en bonne santé well
0%
complet whole
0%
Aucun quiz correspondant
Distribution des résultats
% des personnes avec chaque résultat
Percentile par nombre de réponses
Votre historique - résultats
Vous n’avez pas pris ce quiz depuis la dernière actualisation